| 000 | 00780nas a2200253 4500 | ||
|---|---|---|---|
| 001 | BR0802655 | ||
| 003 | BR-BrBNA | ||
| 005 | 20231205112038.0 | ||
| 007 | ta | ||
| 008 | 230509b bl.|||p| |||| 00| 00por d | ||
| 040 |
_aBR-BrBNA _bpor _cBiblioteca Nacional de Agricultura |
||
| 041 | _a(Pt) | ||
| 072 | _aQ03; Q04 | ||
| 100 | 1 | _aSantos, M.A.T. dos | |
| 245 | 1 | _aEfeito do cozimento sobre alguns fatores antinutricionais em folhas de brócoli, couv-flor e couve | |
| 650 | _aBRÓCOLO | ||
| 650 | _aCOUVE-FLOR | ||
| 650 | _aCOUVE | ||
| 650 | _aNUTRIÇÃO HUMANA | ||
| 650 | _aCOCÇAO | ||
| 773 | 0 |
_tCiência e Agrotecnologia (Brazil) _xISSN 1413-7054 _g(Mar-Apr 2006), v. 30(2) p. 294-301 _wBR0802655 |
|
| 909 |
_a202311 _bLúcia _c55 _dLúcia Elande |
||
| 942 |
_2AGRIS _n0 _cANA |
||
| 999 |
_c195802 _d195802 |
||